| 000 | 00837nam a22001337a 4500 | ||
|---|---|---|---|
| 040 | _cRUA | ||
| 082 | _aAGR TIT 2014 B458 Or.1 | ||
| 100 | _aTIT RATHANAK ; ទិត រតនៈ | ||
| 245 | _aCropping systems of krachor chab chili (Capsicum annuum) and bell pepper (Capsicumannum) of farmers in karmpong os commune, chhoul kiri district, kompong chhnang province, ប្រព័ន្ធដំាដុះដំណាំម្ទេសក្រចកចាប និងម្ទេសប្លោក របស់កសិករនៅឃុំកំពង់អុស ស្រុកជលគិរី ខេត្តកំពង់ឆ្នំាង | ||
| 260 |
_aPhnom Penh _bRUA _c2014 |
||
| 300 |
_aix ;38p. _bill. _c29cm. |
||
| 856 | _uhttps://drive.google.com/file/d/18GvFWZTswL5JynMdBW2UvHiWS-Qc-fX9/view?usp=sharing | ||
| 942 | _cAGR | ||
| 999 |
_c7477 _d7477 |
||